| 000 | 01221nam a2200421 a 4500 | ||
|---|---|---|---|
| 003 | AR-BaBNM | ||
| 005 | 20251128204127.0 | ||
| 008 | 082120s2002 ||||||||||||||000 | spa|| | ||
| 020 | _a950-25-2686-4 | ||
| 040 | _cAR-BaBNM | ||
| 100 | 1 | _aBorges, Jorge Luis | |
| 245 | 0 | 0 |
_aBoedo y Florida _bantología |
| 260 |
_aBuenos Aires _bCentro Editor de América Latina _c1993 |
||
| 300 | _axi, 175 p. | ||
| 490 | 0 | _aBiblioteca básica Argentina. Serie C | |
| 500 | _aNotas por la profesora María Raquel Llagosta. | ||
| 600 | 1 | 4 | _aDelfino, Augusto |
| 600 | 1 | 4 | _aGonzález Lanuza, Eduardo |
| 600 | 1 | 4 | _aPrebisch, Alberto |
| 600 | 1 | 4 | _aLópez Merino, Francisco |
| 600 | 1 | 4 | _aCarriego, Evaristo |
| 600 | 1 | 4 | _aMariani, Roberto |
| 600 | 1 | 4 | _aBarletta, Leónidas |
| 600 | 1 | 4 | _aYunque, Alvaro |
| 600 | 1 | 4 | _aLugones, Leopoldo |
| 600 | 1 | 4 | _aOlivari, Nicolás |
| 610 | 2 | 4 | _aGrupo Boedo-Florida |
| 650 | 4 | _aLITERATURA ARGENTINA | |
| 650 | 4 | _aHISTORIA LITERARIA | |
| 650 | 4 | _aANTOLOGIAS | |
| 653 | _aMODERNISMO | ||
| 653 | _aVANGUARDIAS LITERARIAS | ||
| 655 | _aLITERATURA | ||
| 700 | 1 | _aGonzález Tuñón, Raúl | |
| 700 | 1 |
_aLlagostera, María Raquel _ecompilador |
|
| 942 | _cBK | ||
| 998 | _cCarmen | ||
| 999 |
_c6280 _d6280 |
||